System of a Down - All Songs on Toxicity Lightning Round - Statistics

General Stats
  • This quiz has been taken 22 times
  • The average score is 12 of 15
Answer Stats
Answer % Correct
Toxicity
100%
ATWA
94%
Prison Song
94%
Aerials
88%
Deer Dance
88%
X
88%
Chop Suey!
82%
Forest
82%
Needles
82%
Psycho
82%
Arto
76%
Bounce
76%
Science
76%
Jet Pilot
71%
Shimmy
65%
No matching quizzes found
Score Distribution
Percent of People with Each Score
Percentile by Number Answered
Your Score History
You have not taken this quiz